Music Quiz

Random Music or Album Quiz
Score 0/14 Timer 05:00
1 Play Today
% Correct
Come As You Are
73.7%
The Man who Sold the World
71.4%
Polly
66.3%
About a Girl
65.1%
All Apologies
60.7%
Where Did You Sleep Last Night
59%
Lake of Fire
58.1%
% Correct
Dumb
51.2%
Pennyroyal Tea
51%
Plateau
43.3%
Something in the Way
42.4%
On a Plain
41.6%
Jesus Doesn't Want Me for a Sunbeam
38%
Oh Me
36.8%

You're not logged in!

Compare scores with friends on all Sporcle quizzes.
OR
Log In

Sporcle TV

Today on Sporcle TV


Watch our educational content, quiz creation guides, and fun videos on Sporcle TV.

Show Comments

Extras

Top Quizzes Today


Score Distribution

Paid Content

Your Account Isn't Verified!

In order to create a playlist on Sporcle, you need to verify the email address you used during registration. Go to your Sporcle Settings to finish the process.

Report this User

Report this user for behavior that violates our Community Guidelines.

Details: